00498nam a2200157 i 4500001000300000100003500003245005300038260002100091040000800112041000800120942000700128008004100135999001700176856009800193952004900291bg1 aJedynak, Stanisławd(1939- ). 0aZ teorii i historii etyki /cStanisław Jedynak. aWarszawa,c1983. cBPK apol cKS s pl f |000 0 pol  c22230d22230 uhttp://koha.tu.koszalin.pl/cgi-bin/koha/opac-detail.pl?biblionumber=22230yKatalog online BPK 00104070aBPKbBPKcwo31206p01575590yKS